|
|
|
|
| LEADER |
01593nam a2200325 u 4500 |
| 001 |
10031957 |
| 003 |
upatras |
| 005 |
20210117210129.0 |
| 008 |
970730s1998 us eng |
| 020 |
|
|
|a 0387983376
|
| 040 |
|
|
|a GR-PaULI
|c GR-PaULI
|
| 041 |
0 |
|
|a eng
|
| 082 |
0 |
4 |
|a 541.302 855 3
|
| 100 |
1 |
|
|a Cropper, William H.
|9 152464
|
| 245 |
1 |
0 |
|a Mathematica computer programs for physical chemistry
|c William H. Cropper
|
| 260 |
|
|
|a New York
|b Springer
|c 1998
|
| 300 |
|
|
|a xi, 246 p.
|b fig.
|c 24 cm.
|e 1 computer laser optical disc (4 3/4 in.)
|
| 504 |
|
|
|a Includes bibliographical references, appendices and index
|
| 650 |
|
4 |
|a Θεωρητική χημεία
|9 1054
|
| 650 |
|
4 |
|a Χημεία
|x Ηλεκτρονικοί υπολογιστές
|9 3729
|
| 650 |
|
4 |
|a Επιστήμη των υπολογιστών
|x Μαθηματικά
|9 875
|
| 650 |
|
4 |
|a Mathematica (Προγραμματισμός)
|9 3711
|
| 650 |
|
4 |
|9 1053
|a Φυσικοχημεία
|
| 852 |
|
|
|a GR-PaULI
|b ΠΑΤΡΑ
|b ΒΚΠ
|b ΒΣ1
|k ΑΣΧΞ
|h 541.302 855 3 C
|m 055823
|p 025000075885
|t 1
|
| 852 |
|
|
|a GR-PaULI
|b ΠΑΤΡΑ
|b ΧΗΜΙΚΟ
|k ΑΣΧΞ
|h 541.302 855 3 C
|m 056341
|p 025000075337
|t 2
|
| 942 |
|
|
|2 ddc
|c BK15
|
| 952 |
|
|
|0 0
|1 0
|4 0
|6 541_302000000000000_855_3_C
|7 0
|9 202768
|a LISP
|b LISP
|c BSC
|d 2016-04-24
|i 055823
|l 0
|o 541.302 855 3 C
|p 025000075885
|r 2016-04-24 00:00:00
|t 1
|w 2016-04-24
|y BK15
|
| 952 |
|
|
|0 0
|1 0
|4 0
|6 541_302000000000000_855_3_C
|7 0
|9 202769
|a CHEM
|b CHEM
|d 2016-04-24
|i 056341
|l 0
|o 541.302 855 3 C
|p 025000075337
|r 2016-04-24 00:00:00
|t 2
|w 2016-04-24
|y BK15
|
| 998 |
|
|
|c ΗΛΙΟΠΟΥΛΟΥ
|d 2000-01
|
| 999 |
|
|
|c 123800
|d 123800
|